000 006350000a22001930004500
090 _aAR
_b03849
245 1 0 _aInvestigación en la educación ambiental
_suna invitación al educador investigador
300 _ap. 41-50
500 _a<Colección Recursos Genéticos>
650 1 4 _aEducadores
_997670
650 1 4 _aEducación ambiental
_9162
650 1 4 _aDesarrollo profesional
_997671
650 1 4 _aDinamizadores ambientales
_997672
041 0 _aEspañol
100 1 _aSauvé, Lucie
_997673
260 _aCartagena
_bMEN
_c1996
942 _cARTICULO
773 1 _tMemorias del II seminario internacional de dinamizadores ambientales
999 _c12884
_d12884